{"text_format":"3","workbook":"xls","n_sheets":3,"sheets":["Sheet1","Sheet2","Sheet3"],"read":"whole","date_system":"1900","formulas":"cached_only"}

{"sheet":"Sheet1","index":0,"n_rows":24,"n_cols":9,"rows_kept":24,"merged":[[0,0,0,8]],"flags":["formulas_cached_only"]}
["直播实训间设备清单"]
["序号","设备名称","参数","品牌/型号","生产厂家","单位","数量","单价","总价"]
[1,"直播间装修","1、轻钢龙骨隔墙：工艺：先做空腔，固定龙骨，填充50mm的隔音棉，然后固定石膏板；材料：轻钢龙骨采用表面热镀锌的优质冷轧钢制作； A级不燃材料，环保健康，无毒无害。\n2、工艺：固定吸音板支架（可采用木龙架或轻钢龙骨）；支架内填充玻璃纤维吸音棉；依据墙面造型，依次安装木质吸音板。吸音棉，采用玻璃纤维材质；\n3、铝格栅吊顶：哑光黑色金属栅格，间距规格≤150×150mm；\n4、直播间墙面处理：吊打，墙面白乳胶漆处理，简约大方，所用材料环保；。\n5、静电地胶：自流平找平，铺设地胶，所选产品环保无刺激；\n6、窗户平开隔音板：吸音板制作门扇；门扇内填充玻璃纤维吸音棉；依据墙面造型，依次安装木质吸音板。优质孔木吸音板，具有木质最高的防火等级B1；吸音棉，采用玻璃纤维材质；\n7、直播室背景墙孔型吸音板：固定吸音板支架（可采用木龙架或轻钢龙骨）；支架内填充玻璃纤维吸音棉；依据墙面造型，依次安装木质吸音板。\n8、不锈钢踢脚线：成品；\n9、隔音门：规格1000mm×2100mm；门框采用进口或国产优质冷轧钢板，电镀锌钢或不锈钢制造；门扇填充采用硅酸铝纤维棉。\n10、隔音板装饰：固定吸音板支架（可采用木龙架或轻钢龙骨）；支架内填充玻璃纤维吸音棉；依据墙面造型，依次安装木质吸音板。","群卓","西安群卓电子科技有限公司","套",3,76000,228000]
[2,"综合布线系统","电路+网络布线所需的电线、网线、水晶头、开关、插排等硬件（含人工安装）\n布线规范：符合《中华人民共和国国家标准-综合布线系统工程设计规范》，布设线槽须强弱电分离，走线合理互不交叉；\n线材及配件：室内非屏蔽超六类（CAT6）双绞线，裸铜线径0.57mm绝缘线径1.02mmSTP电缆直径6.53mm传输速率1000Mbps，符合UL防火等级认证，符合CAT6标准；同品牌非屏蔽超六类（CAT6）水晶头；电源插排防雷电，符合国标；\n交换机级联、交换机连接至服务器都采用成品千兆跳线。","TP","普联技术有限公司","套",3,8500,25500]
[3,"直播电脑终端","CPU频率 2.9GHz　内存容量16GB 　1T机械硬盘　固态硬盘容量256GB  1000Mbps以太网卡 2×USB2.0，2×USB3.0，耳机输出接口，麦克风输入接口 1×VGA，1×HDMI 1×RJ45（网络接口） 1×电源接口，预装操作系统与办公软件　21寸显示器  键鼠 x1 鼠标垫 x1 电源线 x1","清华同方","同方计算机有限公司","套",3,6200,18600]
[4,"云台直播摄像头","3840*2880 4Ｋ分辨率1200万像素120度广角　USB接口　遥控9倍变焦　内置麦克风　内置3档美颜补光　多功能云台安装底座，可左右上下转动","杰锐JY-12-4K","深圳杰悦科技","套",3,2800,8400]
[5,"声卡 + 麦克风套装","声卡类型 外置型 声卡2.1声道 信噪比 -90dB,A-加权 频率响应:20Hz-20kHz(±0.2dB)  支持10种音效，麦克风有线 电容式 单指向 频响范围20Hz-20kHz 灵敏度-34dB±2dB 信噪比78dB 立体声 产品声压132dB","杰锐+E300","深圳杰悦科技","套",3,3000,9000]
[6,"直播手机","4800万像素以上 运行内存8GB机身内存128GB，4000mA以上电池","华为","华为技术有限公司","部",3,3300,9900]
[7,"直播无线麦克风","苹果安卓通用一托二直播无线麦，一键AR深度降噪技术，CD级无损收录声音，3档收音大小可调节，即插即用自动配对，视频回放无需拔插，200米超远距离传输，支持实时监听耳返，支持手机边冲边用，60小时超长续航","金运","东莞市全鼎成科技有限公司","套",3,1500,4500]
[8,"音箱","电脑音箱，2.1声道，有源：220V/50Hz，","雷柏","雷柏科技","对",3,600,1800]
[9,"监听耳麦","有线头戴式，兼容手机PC,20Hz-20KHz, 标称阻抗24Ω，灵敏度101DB，3.5mm插头，线长1.5米。","杰锐","深圳杰悦科技","副",3,300,900]
[10,"手持云台","可折叠、磁吸快拆、内置了锂电池，容量为1300Ah，工作时间可以达到10小时，适配手机重量为 230±60g，厚度为 6.9-10mm。","浩瀚M5 ","深圳市浩瀚卓越科技有限公司","台",3,1300,3900]
[11,"线材配件","USB线,网线，音频线，HDMI线，电源线插板","群卓","西安群卓电子科技有限公司","套",3,1000,3000]
[12,"LED 补光灯套餐","18寸可调光变光，带遥控，220V电 3灯套餐","杰锐","深圳杰悦科技","套",3,1900,5700]
[13,"直播桌椅","1.6米直播桌，椅子面料材质：网布 人体工学椅","群卓","西安群卓电子科技有限公司","套",3,2800,8400]
[14,"产品展示柜","根据房间定做产品展示柜，展示柜的风格与颜色需要与装修，文化墙相匹配。","群卓","西安群卓电子科技有限公司","套",3,2800,8400]
[15,"便携式背景扣图绿幕","便携式背景扣图绿幕","杰锐","深圳杰悦科技","项",3,900,2700]
[16,"直播一体机","1、尺寸：≥43寸；\n2、运存：≥4GB+64GB ROM；\n3、操作系统：≥ Android 9.0；\n4、处理器：≥八核64位处理器，内置GPU；\n5、功能：直播贴片、多路导播、画中画、logo、水印、绿幕抠像、音频调节、机位切换、画质调节、提词器；\n6、含一体机支架。","群卓T43","西安群卓电子科技有限公司","台",3,5600,16800]
[17,"短视频航拍无人机","悬停精度 垂直：±0.1m（视觉定位正常工作时），±0.5m（GPS 正常工作时）\n水平：±0.1m（视觉定位正常工作时），±1.5m（GPS 正常工作时）m\n旋转角速度 250°/s（运动挡），90°/s（普通挡）\n升降速度 6m/s（运动挡，普通挡）\n飞行速度 19m/s（运动挡），15 m/s（普通挡），5 m/s（平稳挡）\n飞行高度 5000m\n飞行时间 31分钟\n轴距 302mm云台控制转速 100°/s\n录像分辨率 5.4K： 5472×3078 24/25/30fps\n4K Ultra HD：3840×2160 24/25/30/48/50/60fps\nMP4/MOV（H.264/MPEG-4 AVC，H.265/HEVC）\n定时拍：2000万像素，2/3/5/7/10/15/20/30/60秒\n智能拍照（包含HDR，夜景）：2000万像素\nHDR全景：竖拍（3×1）：3328×8000广角（3×3）：8000×61文件格式 JPEG/DNG（RAW）存储卡类型 SD卡\n续航时间 未给移动设备充电情况下：6小时，给移动设备充电情况下：4小时\n1DJI带屏遥控器","大疆 DJI Air 2S 畅飞套装 DJI带屏遥控器 ","深圳市大疆创新科技有限公司","套",3,13000,39000]
[18,"无线路由器","传输标准支持 IEEE 802.11ax/ac/n/a 4x4，MIMO 支持 IEEE 802.11ax/n/g/b 4x4，MIMO无线速率2.4 GHz 为 1376 Mbps  5 GHz为 5765 Mbps速率总和 7141 Mbps 无线频段2.4 GHz & 5 GHz，支持双频优选WAN 和 LAN 接口自适应：入户网线可以插任意一个网口，均可以上网。提供 4 个 10/100/1000 M 自适应速率的以太网接口。","华为AX6","华为技术有限公司","套",1,600,600]
[19,"电商直播实训软件","本软件包含2个模块：短视频创作剪辑与发布实训，直播运营实训。\n1.短视频创作应用实训，运用组合编辑的方式把指定镜头剪辑到成品带上、运用插入编辑模式替换成品带上指定部分的视频或音频、制作电子相册、制作旅游宣传片、制作“栏目剧片段”、制作娱乐短视频等。短视频营销是内容营销的一种，短视频营销主要借助短视频，通过选择目标受众人群，并向他们传播有价值的内容，这样吸引用户了解企业品牌产品和服务，形成交易。做短视频营销，重要的就是找到目标受众人群和创造有价值的内容。通过短视频展现到客户眼前。\n2.直播运营实训：直播产品品类规划，直播产品选品工作，直播活动方案策划与产品宣传方案策划，直播话术脚本撰写、商品脚本撰写，直播活动，直播数据分析，直播项目复盘，建立合适的营销推广体系，执行/收集/监测/分析及制定改善营销推广体系。\n一.短视频创作剪辑\n实训内容有视频剪辑基本操作技巧的训练：素材收集与导入、 剪辑软件的基本操作、视频编辑、制作字幕、应用转场、添加特技效果、视频抠像特技效果应用、音频编辑与特技效果、外挂滤镜特技效果应用、字幕的创建、为字幕添加艺术效果、运用视频过渡、视频过渡特技效果插件、关键帧制作特技效果的应用、制作模型效果、制作眼中的画面、制作多重分身效果、制作画面过渡、加入背景音乐、制作节奏音乐、导出成品短片。视频剪辑类实训任务提供具体的实训要求和剪辑要点，视频制作中给出具体的制作内容和制作方法。\n二.短视频平台运营维护\n1 短视频平台选择：对比分析抖音、快手、西瓜、小红书、百家号、企鹅号的平台风格和用户特点，熟知各平台的优缺点。根据企业定位、产品特点、目标用户、 预算，选择合适的平台。\n2 日常内容审核：能根据政策规定、行业规则、市场规范等，建立敏感词库，并持续更新，识别内容中的敏感词或违规内容，保证内容的合规性和可靠性。检查用户留言、评价等，处理负面信息。\n3信息采集管理：淘宝直通车推广数据采集，百度营销搜索推广数据采集，京东快车推广数据采集，抖音巨量算数综合信息采集、分析用户数据，提炼用户标签，绘制用户画像。提供短视频创作关键词信息，制定用户运营策略，促进用户活跃、留存和转化。\n三.短视频内容运营\n1 内容策划：根据要求定位和规划方案，制定内容运营计划。根据内容运营目标和内容主题，策划内容，制定内容排期规划表，进行人员分工和任务分配。能根据行业特点，及时追踪舆情热点或巧用重大节日话题，在时间节点内高效完成事件策划。文案策划。 \n2 内容生产：根据平台的内容特点和形式，确定内容生产规范，制定内容生产流程。分析、归类和总结历史事件，持续积累素材，完善内容素材库。根据内容运营目标和平台特点，整合资源，输出文字、图片、短视频等内容。\n3 内容分发：根据内容运营目标、内容主题和形式、平台定位和分发机制，选择合适的分发平台，将内容一键分发到多个平台，将视频发布到多个短视频平台，包括但不限于抖音、快手、西瓜、头条、小红书、百家号、企鹅号等等。\n四.文案编写内容运营： \n1 内容运营：根据内容运营目标和评估体系，提取关键指标数据发布容。对内容运营结果与预期目标之间的偏差，分析原因，总结经验和不足，提出内容优化建议。 \n2 用户运营复盘：根据用户运营目标和评估体系，基于用户的属性和行为，提取关键指标数据。对用户数据分析，挖掘用户需求，提炼用户管理的优化建议。\n电商直播实训平台软件：学生与老师可以进行直播、拍摄上传短视频、开通直播小店等实训，软件后台由老师管理员进行管理，学生开通直播小店交保证金、消费等不用充值，后台可以直接控制用户在本平台的余额，可以通过实训平台直播复盘找出学生直播时的各种不良用语，方便改进，避免在真实直播过程中被封号、处罚等。\n1.电商直播实训平台：系统采用B/S架构设计，不需要安装客户端，通过浏览器访问，可支持基于校园网的应用。\n2.系统支持学生、教师、管理员使用不同的身份登录软件，不同的身份具有不同的操作权限。提供系统管理功能，不限制用户数量，教师账号保留与使用权限分开管理，允许多教师同时使用。\n3.学生实训功能：支持学生以PC端直播和手机APP直播，有从模拟注册平台账户到完善资料认证、短视频上传、直播、开通小店上传产品、短视频推广分享、短视频评论、短视频点赞、产品销售、观看直播、产品购买、物流发货、订单管理、退货管理等，共计30个以上的实训任务；。\n4.教师管理功能：系统具有良好的数据分析功能，能通过监测学生的实训数据，以表格的形式直观的反应出学生的成绩。支持个人信息管理、学生用户管理、对学生实训结果评分和写评语评价、实训结果分析等功能。\n学生端\n1.直播功能：上传直播封面。添加直播标题。开启购物车,开通店铺；主播还可添加展示商城商品与平台自营的商品，用户在此入口购买后，主播可获得相应佣金。分享直播。摄像头切换。开闪光灯。美颜功能。管理主播用户，设置管理员等。\n2.直播观看：可以查看主播的信息，包括主播的头像、地址以及昵称。查看该直播房间目前的观看者信息。关注主播,主播开播时可以收到推送。用户和主播可以在直播房间进行互动聊天。直播购物。可展示主播选择展示的商品。\n3.短视频功能：录制视频支持翻转镜头、开启关闭闪光灯、拍摄速度、美颜、添加背景音乐、选择本地视频。发布视频可进行分享、选填标题，系统会自动进行定位；短视频添加分类功能，分类后台设置，可选择是否关联商品。水印功能。查看同款商品，购买商品。观看视频支持评论、点赞、评论、分享、复制链接、举报、下载到本地以及对用户进行关注； \n4.买家功能：观看直播购买商品，收藏商品，查看已买到的商品，商品浏览记录、地址管理、账户余额管理、退款记录、提现记录、全部订单查询、待付款订单查询、待发货订单查询、待收货订单查询、待评价订单查询、退款查询。添加好友，给好友发送短消息； \n5.卖家功能：申请直播开店：小店信息 账户信息　综合评分 账户金额　累计收入　商品总数　商品总销量　订单管理 待发货 等待退款 待支付 全部退款 已发货 已签收 已完成 已关闭 全部订单 添加商品 商品管理 地址管理 消息 经营类目。\n6.订单管理：查看我的评价、查看店铺信用评分\n7.直播小店管理：在手机端APP个人中心进入直播小店管理，买家与卖家管理页面可一键切换 \n8.商品管理：可添加平台商品，站内商品、站外商品（淘宝、京东）、上下架商品。\n9.分类管理：新增分类，批量导入、导出分类，批量编辑、删除分类\n教师端\n1.后台可体现学生任务完成的进度、个人成绩、待完成的任务、各位同学的实训任务进度等信息。\n2.系统支持由老师从系统商品库中自行选择商品进行组合，让学生训练，同时也支持老师自行出题，用于学生实训。\n3.关键词屏蔽功能:通过设置特定关键词（广告禁用词语、违反词语等）让学生在实训过程中了解直播规则。如果含有指定关键词，则提示输入非法，请重新输入。\n4.后台管理功能：教师可以在后台设置审核学生注册信息，产品信息，短视频等。给学生进行账户虚拟充值，让学生在实训时有足够的资金可以扮演买家或卖家。","群卓ESOVO V2.3","西安群卓电子科技有限公司","套",1,158000,158000]
[20,"机柜","22U专用服务器机柜；采用优质冷扎钢板制作，整体框架结构设计；机柜深度1000 mm，立柱厚度不低于2.0 mm，其余部分钢板厚度不低于1.2 mm；静载500KG以上。","爽欣","爽欣机柜","台",1,3000,3000]
[21,"实训教学管理主机","处理器：8核心  2.1GHZ处理器+单电及以上 内存：32GB以上 硬盘： 2*1TB  7. 2K  RPM  SATA扩展性：不少于4块 3.5英寸热插拔SAS, SATA, SSD硬盘；RAID卡：可配置RAID 0、1、5、6、10、50、60，支持热备盘技术，支持不低于1GB高速缓存；集成双端口Broadcom千兆网卡，带故障切换和负载均衡功能，支持TOE，iSCSI启动；PCIe插槽：2个PCIe 3.0；5 个USB（2个USB 3.0，3个USB 2.0）；1个DVD-RW驱动器\n平台系统：操作系统Linux与web服务nginx\n标准版MySQL数据库，正版中文软件jdk8","群卓","西安群卓电子科技有限公司","台",1,38000,38000]
[22,"小计/总价","直播实训间设备清单总价（3间直播实训间）",{"$nulls":5},594100]

{"sheet":"Sheet2","index":1,"n_rows":0,"n_cols":0,"rows_kept":0,"flags":["formulas_cached_only"]}

{"sheet":"Sheet3","index":2,"n_rows":0,"n_cols":0,"rows_kept":0,"flags":["formulas_cached_only"]}